Minecraft Items - Statystyki

Ogólne statystyki
  • Ten quiz został rozwiązany 196 razy
  • Średni wynik to 71 z 1207
Statystyki odpowiedzi
answer % Poprawnych
Diamond
60%
Stone
52%
Dirt
47%
Diamond Sword
41%
Cobblestone
39%
Grass
39%
Diamond Pickaxe
37%
Diamond Axe
34%
Iron Sword
32%
Stick
32%
Wooden Sword
32%
Glass
31%
Diamond Block
30%
Emerald
30%
Iron Block
30%
Iron Pickaxe
29%
Diamond Hoe
28%
Diamond Ore
28%
Iron Axe
28%
Sand
27%
Bow
26%
Bucket
26%
Coal
26%
Diamond Shovel
26%
Gold Block
26%
Golden Pickaxe
26%
Golden Sword
26%
Iron Ore
26%
Water Bucket
26%
Wooden Pickaxe
26%
Apple
25%
Crafting Table
25%
Egg
25%
Golden Axe
25%
Wooden Axe
25%
Carrot
24%
Gold Ore
24%
Leather
24%
Obsidian
24%
Red Bed
24%
Arrow
23%
Book
23%
Diamond Chestplate
23%
Golden Apple
23%
Golden Shovel
23%
Iron Hoe
23%
Iron Shovel
23%
Lava Bucket
23%
Netherite Sword
23%
Oak Door
23%
Oak Planks
23%
Oak Wood
23%
Stone Sword
23%
Torch
23%
Diamond Boots
22%
Diamond Helmet
22%
Golden Hoe
22%
Gold Ingot
22%
Chest
21%
Iron Helmet
21%
Iron Ingot
21%
Netherite Pickaxe
21%
Potato
21%
Pumpkin
21%
Stone Pickaxe
21%
White Wool
21%
Wooden Hoe
21%
Wooden Shovel
21%
Blue Bed
20%
Bone
20%
Ender Pearl
20%
Iron Boots
20%
Netherrack
20%
Blue Wool
19%
Furnace
19%
Gravel
19%
Green Wool
19%
Iron Chestplate
19%
Netherite Axe
19%
Oak Leaves
19%
Wheat
19%
White Bed
19%
Birch Planks
18%
Black Wool
18%
Coal Block
18%
Coal Ore
18%
Dark Oak Door
18%
Dark Oak Stairs
18%
Golden Chestplate
18%
Lapis Lazuli
18%
Oak Log
18%
Oak Stairs
18%
Spider Eye
18%
Stone Axe
18%
Acacia Door
17%
Birch Door
17%
Blaze Rod
17%
Blue Dye
17%
Cake
17%
Dark Oak Planks
17%
Emerald Block
17%
End Stone
17%
Flint
17%
Glowstone
17%
Golden Boots
17%
Golden Helmet
17%
Grass Block
17%
Green Bed
17%
Netherite Hoe
17%
Oak Fence
17%
Orange Wool
17%
Pink Bed
17%
Pink Dye
17%
Pink Wool
17%
Purple Bed
17%
Red Dye
17%
Redstone Ore
17%
Red Wool
17%
Snow
17%
Spruce Door
17%
Stone Hoe
17%
String
17%
Sugar
17%
Yellow Bed
17%
Acacia Fence
16%
Acacia Planks
16%
Acacia Stairs
16%
Black Bed
16%
Bread
16%
Netherite Shovel
16%
Purple Wool
16%
Rotten Flesh
16%
Sandstone
16%
Stone Shovel
16%
Black Dye
15%
Brick
15%
Emerald Ore
15%
Enchanted Golden Apple
15%
Enchanting Table
15%
Gold Nugget
15%
Oak Trapdoor
15%
Orange Bed
15%
Purple Dye
15%
Redstone Block
15%
Yellow Wool
15%
Acacia Button
14%
Acacia Slab
14%
Acacia Wood
14%
Andesite
14%
Birch Stairs
14%
Birch Wood
14%
Brown Bed
14%
Dark Oak Fence
14%
Dark Oak Leaves
14%
Flint and Steel
14%
Glass Pane
14%
Golden Carrot
14%
Green Dye
14%
Gunpowder
14%
Iron Door
14%
Lime Wool
14%
Milk Bucket
14%
Netherite Block
14%
Netherite Ingot
14%
Oak Boat
14%
Oak Sapling
14%
Oak Slab
14%
Redstone Dust
14%
Spruce Planks
14%
Steak
14%
White Dye
14%
Yellow Dye
14%
Acacia Leaves
13%
Birch Slab
13%
Brown Wool
13%
Dark Oak Log
13%
Dark Oak Slab
13%
Dark Oak Trapdoor
13%
Dark Oak Wood
13%
Elytra
13%
Granite
13%
Gray Wool
13%
Oak Button
13%
Orange Dye
13%
Stone Bricks
13%
Sugar Cane
13%
Acacia Boat
12%
Acacia Log
12%
Beetroot
12%
Birch Boat
12%
Birch Button
12%
Brown Dye
12%
Cactus
12%
Cookie
12%
Copper Block
12%
Copper Ore
12%
Diamond Leggings
12%
Golden Leggings
12%
Gray Bed
12%
Gray Dye
12%
Ice
12%
Iron Leggings
12%
Iron Nugget
12%
Jungle Planks
12%
Lapis Lazuli Ore
12%
Leather Boots
12%
Lime Bed
12%
Magenta Dye
12%
Magenta Wool
12%
Netherite Boots
12%
Netherite Chestplate
12%
Netherite Helmet
12%
Redstone Torch
12%
Slime Block
12%
Spruce Fence
12%
Spruce Leaves
12%
Spruce Log
12%
Spruce Slab
12%
Spruce Stairs
12%
Spruce Wood
12%
TNT
12%
Beacon
11%
Birch Log
11%
Birch Sapling
11%
Clay
11%
Dark Oak Boat
11%
Dark Oak Button
11%
Dark Oak Sapling
11%
Diorite
11%
Enchanted Book
11%
Fishing Rod
11%
Lapis Lazuli Block
11%
Light Gray Wool
11%
Lime Dye
11%
Quartz Block
11%
Spruce Sapling
11%
Spruce Trapdoor
11%
Acacia Fence Gate
10%
Acacia Sapling
10%
Acacia Trapdoor
10%
Anvil
10%
Birch Fence
10%
Birch Leaves
10%
Birch Trapdoor
10%
Blaze Powder
10%
Bone Meal
10%
Bookshelf
10%
Chain
10%
Cyan Bed
10%
Cyan Dye
10%
Cyan Wool
10%
Feather
10%
Jungle Door
10%
Jungle Leaves
10%
Jungle Stairs
10%
Jungle Wood
10%
Light Blue Wool
10%
Light Gray Dye
10%
Magenta Bed
10%
Nether Brick
10%
Paper
10%
Piston
10%
Pufferfish
10%
Raw Chicken
10%
Raw Porkchop
10%
Raw Salmon
10%
Red Sand
10%
Saddle
10%
Shield
10%
Slimeball
10%
Snowball
10%
Soul Sand
10%
Spruce Boat
10%
Sticky Piston
10%
Terracotta
10%
Trident
10%
Tropical Fish
10%
Water Bottle
10%
Bamboo
9%
Blue Carpet
9%
Blue Terracotta
9%
Bowl
9%
Copper Ingot
9%
Iron Trapdoor
9%
Jungle Boat
9%
Jungle Fence
9%
Jungle Slab
9%
Light Blue Dye
9%
Light Gray Bed
9%
Pumpkin Seeds
9%
Raw Beef
9%
Raw Iron
9%
Spruce Button
9%
Stone Button
9%
White Carpet
9%
Zombie Head
9%
Ancient Debris
8%
Baked Potato
8%
Black Terracotta
8%
Bone Block
8%
Brewing Stand
8%
Bricks
8%
Cobblestone Slab
8%
Cobblestone Stairs
8%
Compass
8%
Cooked Chicken
8%
Cooked Porkchop
8%
Cooked Salmon
8%
Crossbow
8%
Dandelion
8%
Dark Oak Fence Gate
8%
Dark Oak Sign
8%
Deepslate
8%
Diamond Horse Armor
8%
Dispenser
8%
Dragon Egg
8%
Eye of Ender
8%
Golden Horse Armor
8%
Gray Terracotta
8%
Green Terracotta
8%
Iron Horse Armor
8%
Item Frame
8%
Jungle Trapdoor
8%
Kelp
8%
Ladder
8%
Lantern
8%
Lever
8%
Light Blue Bed
8%
Magma Block
8%
Magma Cream
8%
Minecart
8%
Mossy Cobblestone
8%
Netherite Leggings
8%
Oak Sign
8%
Poppy
8%
Prismarine
8%
Pumpkin Pie
8%
Raw Gold
8%
Red Carpet
8%
Red Terracotta
8%
Repeater
8%
Shulker Box
8%
Spruce Fence Gate
8%
Spruce Sign
8%
White Terracotta
8%
Yellow Carpet
8%
Yellow Terracotta
8%
Acacia Pressure Plate
7%
Acacia Sign
7%
Birch Pressure Plate
7%
Birch Sign
7%
Black Carpet
7%
Campfire
7%
Clock
7%
Comparator
7%
Glowstone Dust
7%
Gray Carpet
7%
Green Carpet
7%
Hopper
7%
Iron Bars
7%
Jungle Button
7%
Light Blue Carpet
7%
Light Gray Terracotta
7%
Melon Block
7%
Oak Pressure Plate
7%
Orange Terracotta
7%
Pink Carpet
7%
Pink Terracotta
7%
Rail
7%
Raw Copper
7%
Raw Rabbit
7%
Red Sandstone
7%
Shears
7%
Tall Grass
7%
Andesite Stairs
6%
Armor Stand
6%
Beetroot Seeds
6%
Beetroot Soup
6%
Birch Fence Gate
6%
Black Stained Glass
6%
Blast Furnace
6%
Blue Ice
6%
Blue Stained Glass
6%
Book and Quill
6%
Brown Carpet
6%
Brown Mushroom
6%
Brown Stained Glass
6%
Brown Terracotta
6%
Cauldron
6%
Charcoal
6%
Clay Block
6%
Cooked Rabbit
6%
Creeper Head
6%
Cyan Carpet
6%
Dark Oak Pressure Plate
6%
End Crystal
6%
Ender Chest
6%
Fermented Spider Eye
6%
Ghast Tear
6%
Glass Bottle
6%
Granite Stairs
6%
Gray Stained Glass
6%
Green Stained Glass
6%
Honey Block
6%
Jack o'Lantern
6%
Jungle Log
6%
Jungle Sapling
6%
Jungle Sign
6%
Lead
6%
Leather Cap
6%
Leather Horse Armor
6%
Leather Pants
6%
Light Blue Terracotta
6%
Light Gray Carpet
6%
Light Gray Stained Glass
6%
Lime Carpet
6%
Lime Terracotta
6%
Magenta Carpet
6%
Melon Seeds
6%
Mossy Stone Bricks
6%
Mushroom Stew
6%
Name Tag
6%
Nether Bricks
6%
Nether Wart
6%
Oak Fence Gate
6%
Orange Carpet
6%
Orange Stained Glass
6%
Prismarine Shard
6%
Purple Carpet
6%
Purple Stained Glass
6%
Purple Terracotta
6%
Rabbit Stew
6%
Raw Cod
6%
Raw Mutton
6%
Red Concrete
6%
Red Mushroom
6%
Red Stained Glass
6%
Sculk
6%
Skeleton Skull
6%
Snow Block
6%
Sponge
6%
Spruce Pressure Plate
6%
Stone Brick Slab
6%
Stone Slab
6%
Stone Stairs
6%
Sweet Berries
6%
Totem of Undying
6%
Trapped Chest
6%
Turtle Egg
6%
Vines
6%
Wheat Seeds
6%
White Stained Glass
6%
Yellow Stained Glass
6%
Andesite Slab
5%
Basalt
5%
Black Shulker Box
5%
Chainmail Boots
5%
Chainmail Chestplate
5%
Chainmail Helmet
5%
Chorus Fruit
5%
Cobblestone Wall
5%
Cooked Mutton
5%
Crying Obsidian
5%
Cyan Stained Glass
5%
Cyan Terracotta
5%
Diorite Stairs
5%
Empty Map
5%
Flower Pot
5%
Glow Berries
5%
Gray Shulker Box
5%
Honeycomb
5%
Ink Sac
5%
Jungle Fence Gate
5%
Magenta Stained Glass
5%
Magenta Terracotta
5%
Nether Brick Stairs
5%
Observer
5%
Painting
5%
Pink Shulker Box
5%
Pink Stained Glass
5%
Polished Andesite
5%
Quartz Stairs
5%
Red Banner
5%
Red Concrete Powder
5%
Rose Bush
5%
Sea Lantern
5%
Smooth Stone
5%
Stone Brick Stairs
5%
Sunflower
5%
Wet Sponge
5%
White Banner
5%
Wither Skeleton Skull
5%
Yellow Concrete
5%
Bell
4%
Black Concrete
4%
Blue Concrete
4%
Brown Concrete
4%
Chainmail Leggings
4%
Cobweb
4%
Dark Prismarine
4%
End Rod
4%
Granite Slab
4%
Green Banner
4%
Green Concrete
4%
Green Shulker Box
4%
Jungle Pressure Plate
4%
Light Blue Stained Glass
4%
Lime Concrete
4%
Lime Stained Glass
4%
Mud
4%
Nether Brick Fence
4%
Nether Star
4%
Nether Wart Block
4%
Orange Banner
4%
Orange Concrete
4%
Packed Ice
4%
Pink Concrete
4%
Podzol
4%
Purple Concrete
4%
Purple Shulker Box
4%
Red Shulker Box
4%
Sandstone Slab
4%
Sandstone Stairs
4%
Shulker Shell
4%
Smithing Table
4%
Smoker
4%
Stripped Acacia Log
4%
Stripped Birch Log
4%
Stripped Dark Oak Log
4%
Stripped Oak Log
4%
Stripped Spruce Log
4%
TNT Minecart
4%
White Concrete
4%
Yellow Concrete Powder
4%
Yellow Shulker Box
4%
Acacia Boat with Chest
3%
Allium
3%
Amethyst Block
3%
Andesite Wall
3%
Barrel
3%
Beehive
3%
Black Banner
3%
Black Candle
3%
Black Concrete Powder
3%
Black Stained Glass Pane
3%
Blackstone
3%
Blue Banner
3%
Blue Candle
3%
Blue Shulker Box
3%
Blue Stained Glass Pane
3%
Brick Slab
3%
Brick Stairs
3%
Brown Banner
3%
Brown Candle
3%
Brown Concrete Powder
3%
Brown Mushroom Block
3%
Brown Shulker Box
3%
Carved Pumpkin
3%
Chest Minecart
3%
Coarse Dirt
3%
Cocoa Beans
3%
Cooked Cod
3%
Cracked Stone Bricks
3%
Cyan Banner
3%
Cyan Candle
3%
Cyan Concrete
3%
Cyan Concrete Powder
3%
Cyan Shulker Box
3%
Cyan Stained Glass Pane
3%
Deepslate Coal Ore
3%
Deepslate Diamond Ore
3%
Deepslate Emerald Ore
3%
Deepslate Gold Ore
3%
Deepslate Iron Ore
3%
Deepslate Lapis Lazuli Ore
3%
Diorite Slab
3%
Dragon Head
3%
Dried Kelp
3%
Dropper
3%
Fern
3%
Fletching Table
3%
Furnace Minecart
3%
Glow Ink Sac
3%
Goat Horn
3%
Gray Banner
3%
Gray Candle
3%
Gray Concrete
3%
Gray Concrete Powder
3%
Gray Stained Glass Pane
3%
Green Candle
3%
Green Concrete Powder
3%
Green Stained Glass Pane
3%
Hay Bale
3%
Heart of the Sea
3%
Honey Bottle
3%
Hopper Minecart
3%
Leather Tunic
3%
Lectern
3%
Light Blue Candle
3%
Light Blue Concrete
3%
Light Blue Concrete Powder
3%
Light Blue Stained Glass Pane
3%
Light Gray Banner
3%
Light Gray Candle
3%
Light Gray Concrete
3%
Light Gray Concrete Powder
3%
Light Gray Shulker Box
3%
Light Gray Stained Glass Pane
3%
Lily Pad
3%
Lime Banner
3%
Lime Candle
3%
Lime Concrete Powder
3%
Lime Shulker Box
3%
Lime Stained Glass Pane
3%
Magenta Banner
3%
Magenta Candle
3%
Magenta Concrete
3%
Magenta Concrete Powder
3%
Magenta Shulker Box
3%
Magenta Stained Glass Pane
3%
Mangrove Boat
3%
Mangrove Button
3%
Mangrove Door
3%
Mangrove Fence
3%
Mangrove Fence Gate
3%
Mangrove Leaves
3%
Mangrove Log
3%
Mangrove Planks
3%
Mangrove Sign
3%
Mangrove Slab
3%
Mangrove Stairs
3%
Mangrove Trapdoor
3%
Mangrove Wood
3%
Melon Slice
3%
Nether Brick Slab
3%
Netherite Scrap
3%
Nether Quartz
3%
Nether Quartz Ore
3%
Note Block
3%
Orange Candle
3%
Orange Concrete Powder
3%
Orange Shulker Box
3%
Orange Stained Glass Pane
3%
Orange Tulip
3%
Peony
3%
Pink Banner
3%
Pink Candle
3%
Pink Concrete Powder
3%
Poisonous Potato
3%
Polished Diorite
3%
Polished Diorite Slab
3%
Polished Granite
3%
Polished Granite Slab
3%
Powder Snow Bucket
3%
Powered Rails
3%
Purple Banner
3%
Purple Candle
3%
Purple Concrete Powder
3%
Purple Stained Glass Pane
3%
Quartz Slab
3%
Raw Copper Block
3%
Raw Gold Block
3%
Red Candle
3%
Red Mushroom Block
3%
Red Sandstone Stairs
3%
Red Stained Glass Pane
3%
Redstone Lamp
3%
Seagrass
3%
Smooth Sandstone
3%
Soul Campfire
3%
Soul Soil
3%
Soul Torch
3%
Spectral Arrow
3%
Spyglass
3%
Stone Brick Wall
3%
Stripped Acacia Wood
3%
Stripped Jungle Log
3%
Suspicious Stew
3%
Tuff
3%
White Candle
3%
White Concrete Powder
3%
White Shulker Box
3%
White Stained Glass Pane
3%
White Tulip
3%
Yellow Banner
3%
Yellow Candle
3%
Yellow Stained Glass Pane
3%
Amethyst Shard
2%
Azalea
2%
Bee Nest
2%
Birch Boat with Chest
2%
Blackstone Slab
2%
Blackstone Stairs
2%
Blue Concrete Powder
2%
Brown Stained Glass Pane
2%
Candle
2%
Chiseled Sandstone
2%
Chiseled Stone Bricks
2%
Composter
2%
Crimson Door
2%
Crimson Fence
2%
Crimson Planks
2%
Crimson Pressure Plate
2%
Dark Oak Boat with Chest
2%
Dead Bush
2%
Deepslate Copper Ore
2%
Deepslate Redstone Ore
2%
Detector Rails
2%
End Stone Bricks
2%
Glow Item Frame
2%
Granite Wall
2%
Jukebox
2%
Jungle Boat with Chest
2%
Light Blue Banner
2%
Light Blue Shulker Box
2%
Lightning Rod
2%
Lilac
2%
Loom
2%
Mangrove Pressure Plate
2%
Mangrove Propagule
2%
Mangrove Roots
2%
Mud Bricks
2%
Nether Gold Ore
2%
Phantom Membrane
2%
Pink Stained Glass Pane
2%
Pink Tulip
2%
Polished Andesite Slab
2%
Polished Diorite Stairs
2%
Polished Granite Stairs
2%
Prismarine Bricks
2%
Quartz Pillar
2%
Raw Iron Block
2%
Red Sandstone Slab
2%
Red Tulip
2%
Smooth Basalt
2%
Spruce Boat with Chest
2%
Stone Pressure Plate
2%
Stripped Birch Wood
2%
Stripped Dark Oak Wood
2%
Stripped Jungle Wood
2%
Stripped Oak Wood
2%
Stripped Spruce Wood
2%
Turtle Shell
2%
Warped Fungus
2%
Wither Rose
2%
Activator Rails
1%
Amethyst Cluster
1%
Azalea Leaves
1%
Big Dripleaf
1%
Black Glazed Terracotta
1%
Blackstone Wall
1%
Blue Glazed Terracotta
1%
Blue Orchid
1%
Bottle O' Enchanting
1%
Brain Coral
1%
Brick Wall
1%
Brown Glazed Terracotta
1%
Bucket of Cod
1%
Bucket of Pufferfish
1%
Bucket of Salmon
1%
Bucket of Tropical Fish
1%
Calcite
1%
Carrot on a Stick
1%
Cartography Table
1%
Chiseled Nether Bricks
1%
Chiseled Red Sandstone
1%
Chorus Flower
1%
Cobbled Deepslate
1%
Cobbled Deepslate Slab
1%
Cobbled Deepslate Stairs
1%
Cobbled Deepslate Wall
1%
Conduit
1%
Cornflower
1%
Cracked Polished Blackstone Bricks
1%
Crimson Button
1%
Crimson Fence Gate
1%
Crimson Fungus
1%
Crimson Hyphae
1%
Crimson Nylium
1%
Crimson Sign
1%
Crimson Slab
1%
Crimson Stairs
1%
Crimson Stem
1%
Crimson Trapdoor
1%
Cut Copper
1%
Cut Copper Slab
1%
Cut Copper Stairs
1%
Cut Red Sandstone
1%
Cut Sandstone
1%
Cyan Glazed Terracotta
1%
Damaged Anvil
1%
Deepslate Bricks
1%
Deepslate Brick Slab
1%
Deepslate Brick Stairs
1%
Deepslate Brick Wall
1%
Deepslate Tiles
1%
Deepslate Tile Slab
1%
Deepslate Tile Stairs
1%
Deepslate Tile Wall
1%
Diorite Wall
1%
Disc Fragment
1%
Dragon's Breath
1%
Dried Kelp Block
1%
Dripstone Block
1%
Echo Shard
1%
End Stone Brick Slab
1%
End Stone Brick Stairs
1%
End Stone Brick Wall
1%
Exposed Copper Block
1%
Exposed Cut Copper
1%
Exposed Cut Copper Slab
1%
Exposed Cut Copper Stairs
1%
Filled Map
1%
Fire Charge
1%
Firework Rocket
1%
Firework Star
1%
Glistering Melon Slice
1%
Gray Glazed Terracotta
1%
Green Glazed Terracotta
1%
Grindstone
1%
Hanging Roots
1%
Heavy Weighted Pressure Plate
1%
Honeycomb Block
1%
Large Amethyst Bud
1%
Large Fern
1%
Light Blue Glazed Terracotta
1%
Light Gray Glazed Terracotta
1%
Lily of the Valley
1%
Lime Glazed Terracotta
1%
Lingering Potion of Poison (0:22)
1%
Lodestone
1%
Magenta Glazed Terracotta
1%
Mangrove Boat with Chest
1%
Medium Amethyst Bud
1%
Moss Block
1%
Moss Carpet
1%
Mossy Cobblestone Slab
1%
Mossy Cobblestone Stairs
1%
Mossy Cobblestone Wall
1%
Mud Brick Slab
1%
Mud Brick Stairs
1%
Mud Brick Wall
1%
Muddy Mangrove Roots
1%
Mycelium
1%
Nautilus Shell
1%
Nether Brick Wall
1%
Nether Sprouts
1%
Oak Boat with Chest
1%
Ochre Froglight
1%
Orange Glazed Terracotta
1%
Oxeye Daisy
1%
Oxidized Copper Block
1%
Oxidized Cut Copper
1%
Oxidized Cut Copper Slab
1%
Oxidized Cut Copper Stairs
1%
Packed Mud
1%
Pink Glazed Terracotta
1%
Pointed Dripstone
1%
Polished Andesite Stairs
1%
Polished Basalt
1%
Polished Blackstone
1%
Polished Blackstone Bricks
1%
Polished Blackstone Brick Slab
1%
Polished Blackstone Brick Stairs
1%
Polished Blackstone Brick Wall
1%
Polished Blackstone Button
1%
Polished Blackstone Pressure Plate
1%
Polished Blackstone Slab
1%
Polished Blackstone Stairs
1%
Polished Blackstone Wall
1%
Polished Deepslate
1%
Polished Deepslate Slab
1%
Polished Deepslate Stairs
1%
Polished Deepslate Wall
1%
Popped Chorus Fruit
1%
Potion of Invisibility (3:00)
1%
Potion of Invisibility (8:00)
1%
Potion of Night Vision (3:00)
1%
Prismarine Crystals
1%
Prismarine Slab
1%
Prismarine Stairs
1%
Prismarine Wall
1%
Purpur Block
1%
Purpur Pillar
1%
Purpur Slab
1%
Purpur Stairs
1%
Quartz Bricks
1%
Rabbit Hide
1%
Rabbit's Foot
1%
Recovery Compass
1%
Red Glazed Terracotta
1%
Red Nether Brick
1%
Red Sandstone Wall
1%
Respawn Anchor
1%
Rooted Dirt
1%
Sandstone Wall
1%
Scaffolding
1%
Sculk Catalyst
1%
Sculk Sensor
1%
Sculk Shrieker
1%
Sculk Vein
1%
Scute
1%
Sea Pickle
1%
Shroomlight
1%
Slightly Damaged Anvil
1%
Small Amethyst Bud
1%
Small Dripleaf
1%
Smooth Quartz Block
1%
Smooth Quartz Slab
1%
Smooth Quartz Stairs
1%
Smooth Red Sandstone
1%
Smooth Stone Slab
1%
Stonecutter
1%
Stripped Crimson Hyphae
1%
Stripped Crimson Stem
1%
Stripped Mangrove Log
1%
Stripped Mangrove Wood
1%
Stripped Warped Hyphae
1%
Stripped Warped Stem
1%
Target
1%
Tinted Glass
1%
Tipped Arrow
1%
Tripwire Hook
1%
Tube Coral
1%
Twisting Vines
1%
Warped Button
1%
Warped Door
1%
Warped Fence
1%
Warped Fence Gate
1%
Warped Hyphae
1%
Warped Nylium
1%
Warped Planks
1%
Warped Pressure Plate
1%
Warped Sign
1%
Warped Slab
1%
Warped Stairs
1%
Warped Trapdoor
1%
Warped Wart Block
1%
Weathered Copper Block
1%
Weathered Cut Copper
1%
Weathered Cut Copper Slab
1%
Weathered Cut Copper Stairs
1%
Weeping Vines
1%
White Glazed Terracotta
1%
Written Book
1%
Yellow Glazed Terracotta
1%
Arrow of Fire Resistance (0:22)
0%
Arrow of Fire Resistance (1:00)
0%
Arrow of Harming (Instant Damage)
0%
Arrow of Harming (Instant Damage II)
0%
Arrow of Healing (Instant Health)
0%
Arrow of Healing (Instant Health II)
0%
Arrow of Invisibility (0:22)
0%
Arrow of Invisibility (1:00)
0%
Arrow of Leaping (0:11)
0%
Arrow of Leaping (0:22)
0%
Arrow of Leaping (1:00)
0%
Arrow of Night Vision (0:22)
0%
Arrow of Night Vision (1:00)
0%
Arrow of Poison (0:02)
0%
Arrow of Poison (0:05)
0%
Arrow of Poison (0:11)
0%
Arrow of Regeneration (0:02)
0%
Arrow of Regeneration (0:05)
0%
Arrow of Regeneration (0:11)
0%
Arrow of Slow Falling (0:11)
0%
Arrow of Slow Falling (0:30)
0%
Arrow of Slowness (0:02)
0%
Arrow of Slowness (0:11)
0%
Arrow of Slowness (0:30)
0%
Arrow of Strength (0:11)
0%
Arrow of Strength (0:22)
0%
Arrow of Strength (1:00)
0%
Arrow of Swiftness (0:11)
0%
Arrow of Swiftness (0:22)
0%
Arrow of Swiftness (1:00)
0%
Arrow of the Turtle Master (0:02)
0%
Arrow of the Turtle Master (0:05)
0%
Arrow of Water Breathing (0:22)
0%
Arrow of Water Breathing (1:00)
0%
Arrow of Weakness (0:11)
0%
Arrow of Weakness (0:30)
0%
Awkward Lingering Potion
0%
Awkward Potion
0%
Awkward Splash Potion
0%
Azure Bluet
0%
Banner Pattern Creeper
0%
Banner Pattern Flower
0%
Banner Pattern Globe
0%
Banner Pattern Piglin
0%
Banner Pattern Skull
0%
Banner Pattern Thing
0%
Brain Coral Block
0%
Brain Coral Fan
0%
Bubble Coral
0%
Bubble Coral Block
0%
Bubble Coral Fan
0%
Bucket of Axolotl
0%
Bucket of Tadpole
0%
Chiseled Deepslate
0%
Chiseled Polished Blackstone
0%
Chiseled Quartz Block
0%
Cracked Deepslate Bricks
0%
Cracked Deepslate Tiles
0%
Cracked Nether Bricks
0%
Crimson Roots
0%
Cut Red Sandstone Slab
0%
Cut Sandstone Slab
0%
Dark Prismarine Slab
0%
Dark Prismarine Stairs
0%
Daylight Sensor
0%
Dead Brain Coral
0%
Dead Brain Coral Block
0%
Dead Brain Coral Fan
0%
Dead Bubble Coral
0%
Dead Bubble Coral Block
0%
Dead Bubble Coral Fan
0%
Dead Fire Coral
0%
Dead Fire Coral Block
0%
Dead Fire Coral Fan
0%
Dead Horn Coral
0%
Dead Horn Coral Block
0%
Dead Horn Coral Fan
0%
Dead Tube Coral
0%
Dead Tube Coral Block
0%
Dead Tube Coral Fan
0%
Fire Coral
0%
Fire Coral Block
0%
Fire Coral Fan
0%
Flowering Azalea
0%
Flowering Azalea Leaves
0%
Gilded Blackstone
0%
Glow Lichen
0%
Horn Coral
0%
Horn Coral Block
0%
Horn Coral Fan
0%
Light Weighted Pressure Plate
0%
Lingering Potion of Fire Resistance (0:45)
0%
Lingering Potion of Fire Resistance (2:00)
0%
Lingering Potion of Harming (Instant Damage)
0%
Lingering Potion of Harming (Instant Damage II)
0%
Lingering Potion of Healing (Instant Health)
0%
Lingering Potion of Healing (Instant Health II)
0%
Lingering Potion of Invisibility (0:45)
0%
Lingering Potion of Invisibility (2:00)
0%
Lingering Potion of Leaping (0:22)
0%
Lingering Potion of Leaping (0:45)
0%
Lingering Potion of Leaping (2:00)
0%
Lingering Potion of Night Vision (0:45)
0%
Lingering Potion of Night Vision (2:00)
0%
Lingering Potion of Poison (0:05)
0%
Lingering Potion of Poison (0:11)
0%
Lingering Potion of Regeneration (0:05)
0%
Lingering Potion of Regeneration (0:11)
0%
Lingering Potion of Regeneration (0:22)
0%
Lingering Potion of Slow Falling (0:22)
0%
Lingering Potion of Slow Falling (1:00)
0%
Lingering Potion of Slowness (0:02)
0%
Lingering Potion of Slowness (0:22)
0%
Lingering Potion of Slowness (1:00)
0%
Lingering Potion of Strength (0:22)
0%
Lingering Potion of Strength (0:45)
0%
Lingering Potion of Strength (2:00)
0%
Lingering Potion of Swiftness (0:22)
0%
Lingering Potion of Swiftness (0:45)
0%
Lingering Potion of Swiftness (2:00)
0%
Lingering Potion of the Turtle Master (0:05)
0%
Lingering Potion of the Turtle Master (0:10)
0%
Lingering Potion of Water Breathing (0:45)
0%
Lingering Potion of Water Breathing (2:00)
0%
Lingering Potion of Weakness (0:22)
0%
Lingering Potion of Weakness (1:00)
0%
Lingering Water Bottle
0%
Mossy Stone Brick Slab
0%
Mossy Stone Brick Stairs
0%
Mossy Stone Brick Wall
0%
Mundane Lingering Potion
0%
Mundane Potion
0%
Mundane Splash Potion
0%
Mushroom Stem
0%
Music Disc (C418 - 11)
0%
Music Disc (C418 - 13)
0%
Music Disc (C418 - Blocks)
0%
Music Disc (C418 - Cat)
0%
Music Disc (C418 - Chirp)
0%
Music Disc (C418 - Far)
0%
Music Disc (C418 - Mall)
0%
Music Disc (C418 - Mellohi)
0%
Music Disc (C418 - Stal)
0%
Music Disc (C418 - Strad)
0%
Music Disc (C418 - Wait)
0%
Music Disc (C418 - Ward)
0%
Music Disc (Lena Raine - Otherside)
0%
Music Disc (Lena Raine - Pigstep)
0%
Music Disc (Samuel Åberg - 5)
0%
Pearlescent Froglight
0%
Potion of Fire Resistance (3:00)
0%
Potion of Fire Resistance (8:00)
0%
Potion of Harming (Instant Damage)
0%
Potion of Harming (Instant Damage II)
0%
Potion of Healing (Instant Health)
0%
Potion of Healing (Instant Health II)
0%
Potion of Leaping (1:30)
0%
Potion of Leaping (3:00)
0%
Potion of Leaping (8:00)
0%
Potion of Night Vision (8:00)
0%
Potion of Poison (0:22)
0%
Potion of Poison (0:45)
0%
Potion of Poison (1:30)
0%
Potion of Regeneration (0:22)
0%
Potion of Regeneration (0:45)
0%
Potion of Regeneration (1:30)
0%
Potion of Slow Falling (1:30)
0%
Potion of Slow Falling (4:00)
0%
Potion of Slowness (0:10)
0%
Potion of Slowness (1:30)
0%
Potion of Slowness (4:00)
0%
Potion of Strength (1:30)
0%
Potion of Strength (3:00)
0%
Potion of Strength (8:00)
0%
Potion of Swiftness (1:30)
0%
Potion of Swiftness (3:00)
0%
Potion of Swiftness (8:00)
0%
Potion of the Turtle Master (0:20)
0%
Potion of the Turtle Master (0:40)
0%
Potion of Water Breathing (3:00)
0%
Potion of Water Breathing (8:00)
0%
Potion of Weakness (1:30)
0%
Potion of Weakness (4:00)
0%
Prismarine Brick Slab
0%
Prismarine Brick Stairs
0%
Purple Glazed Terracotta
0%
Red Nether Brick Slab
0%
Red Nether Brick Stairs
0%
Red Nether Brick Wall
0%
Smooth Red Sandstone Slab
0%
Smooth Red Sandstone Stairs
0%
Smooth Sandstone Slab
0%
Smooth Sandstone Stairs
0%
Soul Fire Lantern
0%
Splash Potion of Fire Resistance (3:00)
0%
Splash Potion of Fire Resistance (8:00)
0%
Splash Potion of Harming (Instant Damage)
0%
Splash Potion of Harming (Instant Damage II)
0%
Splash Potion of Healing (Instant Health)
0%
Splash Potion of Healing (Instant Health II)
0%
Splash Potion of Invisibility (3:00)
0%
Splash Potion of Invisibility (8:00)
0%
Splash Potion of Leaping (1:30)
0%
Splash Potion of Leaping (3:00)
0%
Splash Potion of Leaping (8:00)
0%
Splash Potion of Night Vision (3:00)
0%
Splash Potion of Night Vision (8:00)
0%
Splash Potion of Poison (0:22)
0%
Splash Potion of Poison (0:45)
0%
Splash Potion of Poison (1:30)
0%
Splash Potion of Regeneration (0:22)
0%
Splash Potion of Regeneration (0:45)
0%
Splash Potion of Regeneration (1:30)
0%
Splash Potion of Slow Falling (1:30)
0%
Splash Potion of Slow Falling (4:00)
0%
Splash Potion of Slowness (0:20)
0%
Splash Potion of Slowness (1:30)
0%
Splash Potion of Slowness (4:00)
0%
Splash Potion of Strength (1:30)
0%
Splash Potion of Strength (3:00)
0%
Splash Potion of Strength (8:00)
0%
Splash Potion of Swiftness (1:30)
0%
Splash Potion of Swiftness (3:00)
0%
Splash Potion of Swiftness (8:00)
0%
Splash Potion of the Turtle Master (0:20)
0%
Splash Potion of the Turtle Master (0:40)
0%
Splash Potion of Water Breathing (3:00)
0%
Splash Potion of Water Breathing (8:00)
0%
Splash Potion of Weakness (1:30)
0%
Splash Potion of Weakness (4:00)
0%
Splash Water Bottle
0%
Spore Blossom
0%
Thick Lingering Potion
0%
Thick Potion
0%
Thick Splash Potion
0%
Tube Coral Block
0%
Tube Coral Fan
0%
Verdant Froglight
0%
Warped Fungus on a Stick
0%
Warped Roots
0%
Warped Stem
0%
Waxed Copper Block
0%
Waxed Cut Copper
0%
Waxed Cut Copper Slab
0%
Waxed Cut Copper Stairs
0%
Waxed Exposed Copper Block
0%
Waxed Exposed Cut Copper
0%
Waxed Exposed Cut Copper Slab
0%
Waxed Exposed Cut Copper Stairs
0%
Waxed Oxidized Copper Block
0%
Waxed Oxidized Cut Copper
0%
Waxed Oxidized Cut Copper Slab
0%
Waxed Oxidized Cut Copper Stairs
0%
Waxed Weathered Copper Block
0%
Waxed Weathered Cut Copper
0%
Waxed Weathered Cut Copper Slab
0%
Waxed Weathered Cut Copper Stairs
0%
Nie znaleziono quizów pasujących do podanych kryteriów
Rozkład punktacji
Procent ludzi z każdym wynikiem
Percentyl według liczby udzielonych odpowiedzi
Twoja historia wyników
Nie rozwiązałeś tego quizu